000 00296nam a2200121Ia 4500
008 190723s9999 xx 000 0 und d
020 _a978-81-265-4231-4
100 _aSimon Haykin
245 0 _aDigital Communication System
260 _aNew Delhi
_bWiley
_c2014
300 _a800.:p
942 _cBK
999 _c1750
_d1750